[Event "Teplice op 8th"]
[Site "Teplice"]
[Date "2013.06.20"]
[Round "6"]
[White "Treppendahl, Trine"]
[Black "Cenek, Miroslav"]
[Result "1/2-1/2"]
[WhiteElo "2009"]
[BlackElo "1878"]
[PlyCount "76"]
[EventDate "2013.06.15"]
[EventType "swiss"]
[EventRounds "9"]
[EventCountry "CZE"]
[SourceTitle "CBM 155 Extra"]
[Source "ChessBase"]
[SourceDate "2013.08.26"]
[SourceVersion "1"]
[SourceVersionDate "2013.08.26"]
[SourceQuality "1"]

1. d4 d5 2. Nf3 e6 3. Bf4 Nd7 4. e3 Ngf6 5. Nbd2 Be7 6. Bd3 0-0 7. Ne5 c5 8. c3 h6 9. Qf3 Qb6 10. Rb1 Bd6 11. g4 cxd4 12. exd4 Nh7 13. Bxh7+ Kxh7 14. g5 Bxe5 15. dxe5 Qc7 16. gxh6 g6 17. Qg3 Nc5 18. h4 b6 19. 0-0 Ba6 20. Rfe1 Bd3 21. Ra1 Bf5 22. Bg5 Ne4 23. Qe3 Nxd2 24. Qxd2 Qc4 25. Qf4 Qd3 26. Rad1 Qa6 27. a3 Rac8 28. Be7 Rfe8 29. Qg5 Qb7 30. Bd6 Qd7 31. Kh2 Qd8 32. Qf4 Rc4 33. Rd4 b5 34. Rg1 Rg8 35. Rg3 a5 36. Qg5 Qxg5 37. hxg5 Rgc8 38. Rxc4 Rxc4 1/2-1/2

[Event "Paris-ch op-B 87th"]
[Site "Paris"]
[Date "2012.07.11"]
[Round "5"]
[White "O'Sullivan, Thomas"]
[Black "Treppendahl, Trine"]
[Result "0-1"]
[WhiteElo "1843"]
[BlackElo "2027"]
[PlyCount "52"]
[EventDate "2012.07.07"]
[EventType "swiss"]
[EventRounds "9"]
[EventCountry "FRA"]
[SourceTitle "EXT 2013"]
[Source "ChessBase"]
[SourceDate "2012.11.22"]
[SourceVersion "1"]
[SourceVersionDate "2012.11.22"]
[SourceQuality "1"]

1. d4 d5 2. c4 c6 3. Nc3 Nf6 4. e3 e6 5. Nf3 Bb4 6. Bd2 Nbd7 7. b3 0-0 8. Bd3 Re8 9. 0-0 e5 10. dxe5 Nxe5 11. Nxe5 Rxe5 12. Nxd5 Nxd5 13. Bxb4 Be6 14. Bd2 Qh4 15. cxd5 Rxd5 16. Bc4 Rh5 17. h3 Bxh3 18. gxh3 Qxh3 19. Qxh5 Qxh5 20. f3 b5 21. Be2 Rd8 22. Rad1 Qg5+ 23. Kf2 Qh4+ 24. Kg1 Qg3+ 25. Kh1 Rd5 26. f4 Rd6 0-1

[Event "Paris-ch op-B 87th"]
[Site "Paris"]
[Date "2012.07.10"]
[Round "4"]
[White "Treppendahl, Trine"]
[Black "Baguette, Francois"]
[Result "1/2-1/2"]
[WhiteElo "2027"]
[BlackElo "1834"]
[PlyCount "82"]
[EventDate "2012.07.07"]
[EventType "swiss"]
[EventRounds "9"]
[EventCountry "FRA"]
[SourceTitle "EXT 2013"]
[Source "ChessBase"]
[SourceDate "2012.11.22"]
[SourceVersion "1"]
[SourceVersionDate "2012.11.22"]
[SourceQuality "1"]

1. d4 d5 2. Nf3 Nf6 3. Bf4 c6 4. e3 Qb6 5. Qc1 Bf5 6. Be2 e6 7. 0-0 Nbd7 8. Nbd2 Be7 9. c4 c5 10. a3 0-0 11. Qc3 Ne4 12. Nxe4 dxe4 13. Ne5 Nxe5 14. Bxe5 f6 15. Bg3 a5 16. Rfd1 Rfd8 17. Rac1 Bd6 18. Bxd6 Qxd6 19. dxc5 Qxc5 20. b4 axb4 21. axb4 Qe7 22. c5 e5 23. Qc4+ Qe6 24. Qc3 Qe7 25. Qc4+ Qf7 26. b5 Rxd1+ 27. Rxd1 Qxc4 28. Bxc4+ Kf8 29. h3 Ke7 30. Kf1 Rc8 31. g4 Rxc5 32. Bd5 Be6 33. Bxb7 Rxb5 34. Bxe4 h6 35. Rc1 Rb4 36. Bg6 Rc4 37. Ra1 Rc7 38. Be4 Bd7 39. Kg1 Bc6 40. Bxc6 Rxc6 41. Ra7+ Kf8 1/2-1/2

[Event "Olympiad Women-39"]
[Site "Khanty-Mansiysk"]
[Date "2010.10.01"]
[Round "10.35"]
[White "Al Jelda, Fatma"]
[Black "Treppendahl, Trine"]
[Result "0-1"]
[WhiteElo "1822"]
[BlackElo "2009"]
[PlyCount "102"]
[EventDate "2010.09.21"]
[EventType "team-swiss"]
[EventRounds "11"]
[EventCountry "RUS"]
[SourceTitle "CBM 139"]
[Source "ChessBase"]
[SourceDate "2010.11.18"]
[SourceVersion "1"]
[SourceVersionDate "2010.11.18"]
[SourceQuality "1"]
[WhiteTeam "Syria (W)"]
[BlackTeam "Denmark (W)"]
[WhiteTeamCountry "SYR"]
[BlackTeamCountry "DEN"]

1. e4 c6 2. d4 d5 3. exd5 cxd5 4. Nf3 Nc6 5. c3 Nf6 6. Bd3 Bg4 7. 0-0 e6 8. Re1 Be7 9. Nbd2 Bh5 10. Nb3 Qc7 11. Bg5 Bd6 12. h3 Bg6 13. Nh4 Bxd3 14. Qxd3 Ne4 15. Nf3 h6 16. Be3 g5 17. Nfd2 f5 18. Nf1 g4 19. hxg4 fxg4 20. Nbd2 Nxd2 21. Qg6+ Qf7 22. Qxf7+ Kxf7 23. Bxd2 Rag8 24. Re2 h5 25. g3 Rg6 26. Rae1 h4 27. gxh4 Rxh4 28. Ng3 Ne7 29. Kg2 Nf5 30. Rg1 Rg7 31. Kf1 Rh3 32. Be1 Bf4 33. Nxf5 exf5 34. Bd2 Bd6 35. Ke1 Rh2 36. Kd1 f4 37. Rf1 Rg8 38. Ree1 Rgh8 39. Rg1 R8h4 40. Ref1 Kf6 41. a4 Kf5 42. b3 R4h3 43. f3 g3 44. c4 Rh7 45. c5 Be7 46. Re1 Bf6 47. Bc3 Ra2 48. Re2 Rxe2 49. Kxe2 Rh2+ 50. Ke1 Rc2 51. Bd2 Bxd4 0-1

[Event "Olympiad Women-39"]
[Site "Khanty-Mansiysk"]
[Date "2010.09.28"]
[Round "7.33"]
[White "Zuriel, Marisa"]
[Black "Treppendahl, Trine"]
[Result "1-0"]
[WhiteElo "2193"]
[BlackElo "2009"]
[PlyCount "129"]
[EventDate "2010.09.21"]
[EventType "team-swiss"]
[EventRounds "11"]
[EventCountry "RUS"]
[SourceTitle "CBM 139"]
[Source "ChessBase"]
[SourceDate "2010.11.18"]
[SourceVersion "1"]
[SourceVersionDate "2010.11.18"]
[SourceQuality "1"]
[WhiteTeam "Argentina (W)"]
[BlackTeam "Denmark (W)"]
[WhiteTeamCountry "ARG"]
[BlackTeamCountry "DEN"]

1. e4 c6 2. d4 d5 3. e5 c5 4. dxc5 Nc6 5. f4 e6 6. Be3 d4 7. Bf2 Bxc5 8. Nd2 Nge7 9. a3 Nf5 10. Ne4 Be7 11. Qd2 0-0 12. Nf3 a6 13. Bd3 b5 14. 0-0 b4 15. g4 Nh6 16. h3 Kh8 17. Kh2 bxa3 18. bxa3 Rb8 19. Ng3 Bh4 20. Nxh4 Qxh4 21. Qe2 g6 22. Ne4 Qd8 23. Qe1 Qa5 24. Qxa5 Nxa5 25. Bxd4 Bb7 26. Nd6 Nc6 27. Bc3 Ng8 28. Rab1 Ba8 29. Bxa6 Nge7 30. Rxb8 Nxb8 31. Bd3 Nd5 32. Bd2 Nc6 33. c4 Nc7 34. Bc3 Na6 35. f5 Nc5 36. Bc2 Kg7 37. h4 Nd7 38. Re1 Nc5 39. h5 g5 40. h6+ Kg8 41. Kg3 Rb8 42. f6 Bb7 43. Rb1 Ba8 44. Rxb8+ Nxb8 45. Bd4 Ncd7 46. Ba4 Nc6 47. Bxc6 Bxc6 48. Nb5 Nb8 49. a4 Na6 50. a5 Be4 51. Nd6 Bc6 52. Be3 Nb4 53. Bxg5 Nd3 54. Bf4 Nb4 55. g5 Nd3 56. a6 Nb4 57. a7 Ba8 58. Nc8 Na6 59. Be3 Kf8 60. Nb6 Nc7 61. Bc5+ Ke8 62. Bd6 Kd8 63. Bxc7+ Kxc7 64. Nxa8+ Kb7 65. g6 1-0

[Event "Olympiad Women-39"]
[Site "Khanty-Mansiysk"]
[Date "2010.09.23"]
[Round "3.31"]
[White "Hazim Gonzalez, Elizabeth"]
[Black "Treppendahl, Trine"]
[Result "0-1"]
[WhiteElo "1858"]
[BlackElo "2009"]
[PlyCount "126"]
[EventDate "2010.09.21"]
[EventType "team-swiss"]
[EventRounds "11"]
[EventCountry "RUS"]
[SourceTitle "CBM 139"]
[Source "ChessBase"]
[SourceDate "2010.11.18"]
[SourceVersion "1"]
[SourceVersionDate "2010.11.18"]
[SourceQuality "1"]
[WhiteTeam "Dominican Rep (W)"]
[BlackTeam "Denmark (W)"]
[WhiteTeamCountry "DOM"]
[BlackTeamCountry "DEN"]

1. e4 c6 2. d4 d5 3. Nd2 dxe4 4. Nxe4 Nf6 5. Nxf6+ gxf6 6. Bf4 Bf5 7. Nf3 e6 8. Bd3 Bxd3 9. Qxd3 Qa5+ 10. Bd2 Qc7 11. 0-0-0 Nd7 12. c4 a5 13. Kb1 h5 14. Rhe1 Bb4 15. d5 e5 16. Qf5 Bxd2 17. Nxd2 c5 18. f4 0-0-0 19. fxe5 fxe5 20. Qxf7 Rdf8 21. Qg6 Rfg8 22. Qe4 Rg4 23. Qe2 Qb6 24. Ne4 Qg6 25. Ka1 Rxg2 26. Qe3 Qb6 27. Rd2 Rhg8 28. Rxg2 Rxg2 29. Re2 Qg6 30. a3 Rxe2 31. Qxe2 b6 32. Nc3 Qg5 33. Nb5 Nf6 34. Nd6+ Kd7 35. Nf7 Qg1+ 36. Ka2 e4 37. Ne5+ Kd6 38. Nf7+ Ke7 39. Ne5 e3 40. Nd3 Qg5 41. Ne1 Ng4 42. Nc2 Qe5 43. h3 Nf2 44. Nxe3 Nxh3 45. Nf5+ Kf6 46. Qxe5+ Kxe5 47. Nh4 Ng5 48. Kb1 Ne4 49. Kc2 Kf4 50. Kd3 Nd6 51. a4 Kg3 52. Ng6 h4 53. Nxh4 Kxh4 54. b3 Kg4 55. Ke3 Kg3 56. Ke2 Kf4 57. Kd2 Ke4 58. Ke2 Kd4 59. Kd2 Ne4+ 60. Kc2 Ke3 61. Kc1 Kd3 62. Kb1 Kc3 63. Ka2 Kc2 0-1

[Event "Taastrup Quick Weekend 11th M2"]
[Site "Taastrup"]
[Date "2010.04.16"]
[Round "1"]
[White "Hald, Jens Erik Kofoed"]
[Black "Treppendahl, Trine"]
[Result "1-0"]
[WhiteElo "1998"]
[BlackElo "1990"]
[PlyCount "117"]
[EventDate "2010.04.16"]
[EventType "tourn"]
[EventRounds "5"]
[EventCountry "DEN"]
[SourceTitle "EXT 2023"]
[Source "ChessBase"]
[SourceDate "2022.10.05"]
[SourceVersion "1"]
[SourceVersionDate "2022.10.05"]
[SourceQuality "1"]

1. e4 c6 2. d3 d5 3. Nd2 dxe4 4. dxe4 g6 5. Bc4 Bg7 6. Ngf3 Nf6 7. 0-0 0-0 8. Qe2 Bg4 9. h3 Bxf3 10. Nxf3 e6 11. Bg5 Qc7 12. c3 Nbd7 13. Bb3 Rfe8 14. Rad1 h6 15. Bh4 Nc5 16. Bc2 e5 17. Bxf6 Bxf6 18. Qe3 Ne6 19. Qxh6 Qe7 20. Qe3 Nf4 21. Rd2 Kg7 22. Rfd1 Rad8 23. Rxd8 Rxd8 24. Rxd8 Qxd8 25. Qxa7 Qc7 26. Qe3 g5 27. Nh2 Be7 28. Nf1 Qa5 29. Bb3 Bc5 30. Qd2 Qc7 31. Ng3 Kg6 32. Bd1 Qc8 33. Bg4 Qe8 34. b4 Be7 35. Nf5 Bf8 36. g3 Ne6 37. h4 gxh4 38. Nxh4+ Kg7 39. Bd1 Kh7 40. Qe2 Ng7 41. Qf3 c5 42. bxc5 Bxc5 43. Bb3 f5 44. Nxf5 Qg6 45. Nh4 Qg5 46. Kg2 Qe7 47. Bf7 Ba3 48. Bg6+ Kg8 49. Qg4 Qf8 50. Bf5 Bc1 51. Qg6 Qe7 52. Nf3 Kf8 53. Qh7 Qf6 54. Qh8+ Ke7 55. Nh4 Bg5 56. Ng6+ Kd6 57. Qb8+ Kc6 58. Nxe5+ Kb5 59. Qxb7+ 1-0

[Event "Olympiad Women-38"]
[Site "Dresden"]
[Date "2008.11.17"]
[Round "5"]
[White "Milovic, Aleksandra"]
[Black "Treppendahl, Trine"]
[Result "1-0"]
[WhiteElo "2176"]
[BlackElo "2049"]
[PlyCount "91"]
[EventDate "2008.11.13"]
[EventType "team-swiss"]
[EventRounds "11"]
[EventCountry "GER"]
[SourceTitle "CBM 128"]
[Source "ChessBase"]
[SourceDate "2009.01.28"]
[SourceVersion "1"]
[SourceVersionDate "2009.01.28"]
[SourceQuality "1"]
[WhiteTeam "Montenegro (W)"]
[BlackTeam "Denmark (W)"]
[WhiteTeamCountry "MNE"]
[BlackTeamCountry "DEN"]

1. e4 c6 2. d4 d5 3. Nd2 dxe4 4. Nxe4 Nf6 5. Nxf6+ gxf6 6. c3 Bf5 7. Bd3 Bxd3 8. Qxd3 Qc7 9. Ne2 e6 10. Bf4 Bd6 11. Bxd6 Qxd6 12. Ng3 Nd7 13. Ne4 Qf4 14. g3 Qc7 15. 0-0-0 0-0-0 16. Qe3 f5 17. Ng5 Nf6 18. d5 Rxd5 19. Rxd5 cxd5 20. Qxa7 Ne4 21. Qa8+ Qb8 22. Qxb8+ Kxb8 23. Nxf7 Rc8 24. f3 Nf2 25. Rf1 Rc7 26. Ne5 Nh3 27. f4 d4 28. c4 b5 29. b3 bxc4 30. Nxc4 h5 31. Kd2 h4 32. Ke2 Ra7 33. a4 Rb7 34. Rb1 hxg3 35. hxg3 d3+ 36. Kf3 Rc7 37. Kg2 Rh7 38. Rh1 Rb7 39. Nd2 Nxf4+ 40. gxf4 Rc7 41. Kf2 Rg7 42. Rh3 Rg4 43. Ke3 Kc7 44. Rf3 Kd6 45. Kxd3 Kd5 46. Nc4 1-0

[Event "Nordic-ch (Women)"]
[Site "Helsingor"]
[Date "2007.07.24"]
[Round "5"]
[White "Treppendahl, Trine"]
[Black "Tuominen, Tanja"]
[Result "0-1"]
[WhiteElo "2038"]
[BlackElo "2107"]
[PlyCount "120"]
[EventDate "2007.07.21"]
[EventType "tourn"]
[EventRounds "10"]
[EventCountry "DEN"]
[SourceTitle "EXT 2010"]
[Source "ChessBase"]
[SourceDate "2010.11.25"]
[SourceVersion "1"]
[SourceVersionDate "2010.11.25"]
[SourceQuality "1"]

1. d4 d5 2. Nf3 Nf6 3. Bf4 Bf5 4. e3 e6 5. Bd3 Bxd3 6. Qxd3 c6 7. Nbd2 Bd6 8. Bxd6 Qxd6 9. c3 Nbd7 10. e4 dxe4 11. Nxe4 Qd5 12. Nxf6+ Nxf6 13. Qe2 0-0 14. 0-0 Rfd8 15. Rfe1 h6 16. Qe5 Rac8 17. Qxd5 cxd5 18. Ne5 Ne4 19. f3 Nd6 20. Rab1 b5 21. a3 a5 22. Nd3 Rc6 23. Re2 Rb8 24. Kf2 h5 25. Ra1 Rc4 26. Ne5 Rc7 27. Nd3 Rb6 28. Rae1 Nf5 29. Rd2 g6 30. Kg1 h4 31. Kf2 Ne7 32. Rde2 Nc6 33. Ra1 b4 34. axb4 axb4 35. Ra8+ Kg7 36. Nc5 bxc3 37. bxc3 Ra7 38. Rxa7 Nxa7 39. f4 Nc8 40. Kf3 Nd6 41. Ke3 Rb1 42. Rc2 Rf1 43. Rf2 Rh1 44. h3 Rc1 45. Kd2 Ra1 46. Kd3 Kf6 47. Nb3 Ra3 48. Nc1 Rxc3+ 49. Kxc3 Ne4+ 50. Kd3 Nxf2+ 51. Ke3 Ne4 52. Ne2 Kf5 53. Ng1 g5 54. fxg5 Nxg5 55. Kd3 f6 56. Ke3 e5 57. Ne2 Ne6 58. Kd3 Nf4+ 59. Ke3 Nxe2 60. Kxe2 Kf4 0-1